000
00341 a2200145 4500
001
155926
040
_c
Escola São Tomás de Aquino
100
_a
STERN, Iris
240
1
0
_a
Sobrevivendo à grande extinção
_l
por
245
1
0
_a
Sobrevivendo à grande extinção
300
_a
96
362
0
_a
2002
697
_a
CIÊNCIAS
942
_c
BK
999
_c
155926
_d
155926